| 000 | 00782nam a22002297a 4500 | ||
|---|---|---|---|
| 999 |
_c16033 _d16033 |
||
| 003 | AR-CdUCM | ||
| 008 | 190328b ||||| |||| 00| 0 eng d | ||
| 020 | _a84-204-5842-2 | ||
| 040 |
_aMUNICIPALIDAD PROVINCIAL DEL CUSCO _cBIBLIOTECA MUNICIPAL DEL CUSCO |
||
| 082 |
_aPI / 803 / _bES82 |
||
| 100 |
_aEslava, Jorge. _925304 |
||
| 245 |
_aEl maromero : _bDerecho a la protección contra los abusos / |
||
| 260 |
_aEspaña : _bAlfaguara, _bUnicef, _c2000. |
||
| 300 |
_a29 páginas ; _bilustraciones a color, _c28 cm. |
||
| 440 |
_aColección derechos del niño. _n9 _935306 |
||
| 505 | _aContenido : Cuentos. | ||
| 650 |
_aCuentos infantiles. _93927 |
||
| 650 |
_aSiglo XX _98 |
||
| 700 |
_aShiroma. Aldo (ilustraciones) _935307 |
||
| 942 |
_2ddc _cLIBROS |
||
| 945 |
_arum _d2019-04-30 |
||